000
00285nam a22001337a 4500
008
170602b xxu||||| |||| 00| 0 eng d
020
_a
9780821219300
041
_a
eng
080
_a
94
100
_a
17
101
_a
SHH
245
_a
THE CITY ASSEMBLED
_c
TOBIAS,R
942
_2
udc
_c
BK
999
_c
15595
_d
15595